00606nam a2200229Ia 4500003000900000008004100009020001800050040001600068080001500084100001300099245009600112260003400208300001000242650002400252650001100276650001600287650001400303700001400317700001500331700001600346700001400362IN-BaIIA211028s9999 xx 000 0 eng d a0-7167-4370-1 cIIA Library a551.2bPRE aPress, F 0aEarth issues readerbfor understanding Earth and environmental geologycF. Press…[et al.] aNew YorkbW. H. Freemanc2001 a132p. aCoastal development aEnergy aOpen spaces aRecycling aDe Wet, A aMenking, K aMerritts, D aSiever, R